Πως λεηλατήθηκαν τα γλυπτά από τις μετόπες του Παρθενώνα : αποκαλυπτικά γράμματα της γυναίκας του Έλγιν προς στη μητέρα της που στάλθηκαν στο Λονδίνο από την Αθήνα (1802-1803)

Αποθηκεύτηκε σε:
Λεπτομέρειες βιβλιογραφικής εγγραφής
Κύριος συγγραφέας: Nisbet-Elgin, Mary
Άλλοι συγγραφείς: Γαρίδη, Ελένη (Συγγραφέας εισαγωγής κ.λπ.), Ματθαίου, Έφη (Μεταφραστής)
Μορφή: Βιβλίο
Γλώσσα:Greek
Δημοσίευση: Αθήνα : Εκδόσεις Αφων Τολίδη, 1989
Σειρά:Ξένοι περιηγητές στον Ελληνικό χώρο ; ; 9
Θέματα:
Ετικέτες: Προσθήκη ετικέτας
Δεν υπάρχουν, Καταχωρήστε ετικέτα πρώτοι!

MARC

LEADER 00000nam a2200000 i 4500
001 1/73595
008 990318s1989 gre d
035 |l 10048846 
040 |a GR-MY-UA  |b gre  |e aacr 
041 0 |a gre 
082 0 |a 733.3 
100 1 |a Nisbet-Elgin, Mary. 
245 1 0 |a Πως λεηλατήθηκαν τα γλυπτά από τις μετόπες του Παρθενώνα :  |b αποκαλυπτικά γράμματα της γυναίκας του Έλγιν προς στη μητέρα της που στάλθηκαν στο Λονδίνο από την Αθήνα (1802-1803) /  |c Μαίρης Νισμπετ-Έλγιν ; πρόλογος: Ελένης Γαρίδη, μετάφραση-σημειώσεις: Έφης Ματθαίου 
260 |a Αθήνα :   |b Εκδόσεις Αφων Τολίδη,   |c 1989 
300 |a 141 σ. 
490 1 |a Ξένοι περιηγητές στον Ελληνικό χώρο  |v ; 9 
500 |a Αξιολογεί την έκδοση η Υπουργός Πολιτισμού Μελίνα Μερκούρη 
650 0 0 |a Sculpture, Greek. 
700 1 |a Γαρίδη, Ελένη.  |4 aui 
700 1 |a Ματθαίου, Έφη.  |4 trl 
830 0 |a Ξένοι περιηγητές στον Ελληνικό χώρο ;  |v ; 9 
852 |a INST  |b CHIOS  |e 19990318  |h 733.3 NIS  |p 005200014537  |q 005200014537  |t BK  |y 0 
901 |a BIBL-1999-1 
909 |a Χ  |b 055649 
922 |a 2ΔΩΡ  |b 199903  |c ΜΕΤΑΠΤΥΧΙΑΚΟ ΤΟΥΡΙΣΜΟΥ